Brock, Peter: Slovenské národné obrodenie 1787-1847

Bibliographic Details
Main Author: Pácalová, Jana, 1979- (Author)
Format: Article
Language:Slovak
ISSN:0037-6973
Subjects:

MARC

LEADER 00000nab a2200000 a 4500
001 vtls000837944
003 SK-MaSNL
005 20260304182502.0
008 250505c2003 xo 0 slo
015 |a SNBRB2003/07-18186 
035 |a CLN000189599 
035 |a urn:nbn:sk:snk-abf47x 
035 |a (urnnbn)urn:nbn:sk:snk:ar-004ys3 
035 |a (uuid)e9208752-5ad4-439b-99c3-6b98658c13ec 
040 |a SNKBUCL  |b slo  |c SNKBUCL  |e AACR2 
041 0 |a slo 
044 |a xo  |c SK 
080 |a 94(437.6)"175/185"(048)  |2 1997 
080 |a 930.85(437.6)"175/185"(048)  |2 1997 
100 1 |a Pácalová, Jana,  |d 1979-  |4 aut  |9 22243 
245 1 0 |a Brock, Peter: Slovenské národné obrodenie 1787-1847  |c Jana Pácalová 
650 0 7 |a národné hnutie  |2 SNKPH  |9 71486 
650 0 7 |a národné obrodenie  |2 SNKPH  |9 3795 
650 0 7 |a 2. polovica 18. storočia-1. polovica 19. storočia  |2 SNK  |9 1513574 
650 0 7 |a štúdie  |2 SNKPH  |9 92810 
651 7 |a Slovensko  |x dejiny  |2 SNKPHgeo  |9 13278 
655 7 |a články z novín a časopisov  |2 SNK  |9 267496 
655 7 |a recenzie  |2 SNKPH  |9 21907 
773 0 |t Slovenská literatúra  |g Roč. 50, č. 2 (2003), s. 172-175  |x 0037-6973 
787 0 8 |i Rec.:  |a Brock, Peter, 1920-  |t Slovenské národné obrodenie 1787-1847  |d Bratislava : Kalligram, 2002  |z 8071494925 
850 |a Slovenská národná knižnica 
852 |a Slovenská národná knižnica 
954 |a odborná, vedecká literatúra pôvodná (slovenská)  |2 lita 
958 |a article27 
958 |a SK 
958 |a RC 
958 |a OND 
958 |a EUIPO 
992 |a RBX 
999 |c 3029596  |d 3031526